1797 1848 1235 1975 1017 1617 1507 1336 1312 1129 1383 1556 1767 1663 1669 1688 1319 1991 1368 1454 1467 1701 1473 1907 1803 1489 1515 1892 1653 1044 1731 1787 1267 1604 1742 1021 1129 1183 1760 1389 1124 1748 1923 1921 1194 1897 1697 1976 1461 1599 1638 1411 1342 1371 1683 1664 1638 1447 1051 1136 1333 1171 1718 1994 1726 1380 1212 1131 1385 1656 1261 1876 1731 1460 1691 1028 1630 1053 1345 1526 1639 1433 1698 1406 1066 1151 1381 1227 1350 1895 1284 1064 1121 1262 1164 1537 1695 1654 1535 BCNSPRNW ULIB Ver.6.0+V

เปลี่ยนเป็นภาษาไทย

Change to English
 แสดงรายละเอียดบรรณานุกรม
  กลับหน้าหลัก

Brief Record : Get Marc (ISO 2709) : E-mail record : QR code < ปิดหน้าต่าง
LEADER : 00000nam 2200000uu 4500
001    13399113740
003     ULIB
008    111220s2546||||th 000 0 tha d
020    ^a9745063444
060 04 ^aWA9^bศ464ก 2546
245 00 ^aการพัฒนาศักยภาพบุคลากรเพื่อรับการกระจายอำนาจด้านสุขภาพใน 10 จังหวัดนำร่อง /^cกลุ่มสนับสนุนและพัฒนาการกระจายอำนาจด้านสุขภาพ สำนักนโยบายและยุทธศาสตร์ กระทรวงสาธารณสุข ; เรียบเรียง,ศิริพรรณ พันธุมะโอภาส ... [และคนอื่นๆ]
250    ^aพิมพ์ครั้งที่ 1
260    ^aนนทบุรี :^bสำนักงานสนับสนุนและพัฒนาการกระจายอำนาจด้านสุขภาพ (สพกส.),^c2546
300    ^a46 หน้า :^bภาพประกอบ ;^c21 ซม.
650  7 ^aการกระจายอำนาจด้านสุขภาพ
700 0  ^aศิริพรรณ พันธุมะโอภาส
700 0  ^aพัชรินทร์ ทองอยู่
710 2  ^aกระทรวงสาธารณสุข. ^bสำนักนโยบายและยุทธศาสตร์
710 2  ^aสำนักงานสนับสนุนและพัฒนาการกระจายอำนาจด้านสุขภาพ
945    ^p0^l0^i24539
945    ^p0^l0^i24540
995    ^aกัณชพร
999    ^aใช้งานได้ทุกระบบ
รายการนี้ยังไม่มีแท็ก
คุณยังไม่ได้ล็อกอิน คุณสามารถมีกิจกรรมร่วมกับเว็บไซต์ได้ แต่ต้องล็อกอินก่อน ::
  ล็อกอิน

รายการสื่อสารสนเทศ

ลำดับที่ ประเภท เลขเรียก/บาร์โค้ด สถานที่ สถานะ
- ไม่พบข้อมูล -

รายการใกล้เคียง
    หัวเรื่อง [การกระจายอำนาจด้านสุขภาพ]

BibComment


ยังไม่เคยถูกคอมเมนท์

คอมเมนท์ทรัพยากรรายการนี้
  คอมเมนท์: การพัฒนาศักยภาพบ..


 Copyright 2026. Bcnsprnw @Library